| 000 | 01417ngm a22003250a 4500 | ||
|---|---|---|---|
| 001 | PT47153 | ||
| 003 | AR-LpoUNG | ||
| 005 | 20210202000003.0 | ||
| 007 | vd cvaizq | ||
| 008 | 191001s2009||||ag |||||||||||||||||spa d | ||
| 037 | _c$5 | ||
| 040 |
_aAR-LpoUNG _bspa _cAR-LpoUNG _eaacr |
||
| 041 |
_aspa _aeng |
||
| 044 | _aag | ||
| 082 | 0 | _a808.068 893don | |
| 100 | 1 |
_aPozo, José _edir. |
|
| 245 | 1 | 0 | _aDon Quijote = Donkey Xote |
| 260 |
_aBuenos Aires : _bSBP, _c2009. |
||
| 300 | _aDVD (84 min.) : son., col. | ||
| 505 | 0 | _aHecha en 2007. Subtitulada en inglés y español. Incluye audiodescripción para personas no videntes. | |
| 520 | _aEl burro Rucio cuenta la "verdadera" historia de Don Quijote y defiende que no fue un loco, sino todo lo contrario, un hombre inteligente, apasionado y entusiasta. El extraño grupo compuesto por Don Quijote, su escudero Sancho -quien, de hecho, es su mejor amigo y el más rico del pueblo-, el burro Rucio -que quiere ser un caballo-, Rocinante -el verdadero caballo, que detesta salir de su tranquila cuadra- y el temible James Gallo, inicia un alocado y divertido viaje para batirse en duelo con El Caballero de la Media Luna por el amor de Dulcinea. | ||
| 653 | _aANIMACION | ||
| 653 | _aAVENTURA | ||
| 653 | _aDVD | ||
| 653 | _aVIDEOS | ||
| 653 | _aVIDEOS INFANTILES | ||
| 710 | 2 | _aFilmax Entertainment (Barcelona) | |
| 905 | _a47153 | ||
| 942 | _cDVD | ||
| 999 |
_c53915 _d53915 |
||